| 000 | 01248nam a22003857a 4500 | ||
|---|---|---|---|
| 001 | 0013338 | ||
| 003 | KOHA_MİRAKIL | ||
| 005 | 20260207001916.0 | ||
| 007 | ta | ||
| 008 | 100215b1998 tu |||gr||||#||||0|tur | | ||
| 020 | _a9754380537 | ||
| 040 |
_aTR-BiSEU _btur _cTR-BiSEU _erda |
||
| 041 | 0 | _atur | |
| 044 | _ctu | ||
| 050 |
_aHC79 _b.E75 1998 |
||
| 100 | 1 | _aErkan, Hüsnü. | |
| 245 | 1 |
_aBilgi toplumu ve ekonomik gelişme/ _cHüsnü Erkan ; Hüsnü Erkan. |
|
| 250 | _a4.bask. | ||
| 264 | 1 |
_aAnkara : _bTürkiye İş Bankası Kültür Yayınları _c1998 |
|
| 300 | _axvıı,251 sayfa: resmli; 24 cm. | ||
| 336 |
_ametin _btxt _2rdacontent |
||
| 337 |
_aaracısız _bn _2rdamedia |
||
| 338 |
_acilt _bnc _2rdacarrier |
||
| 490 | 1 |
_aTürkiye İş Bankası Kültür yayınları ; _vgenel yayın no. |
|
| 490 | 1 | _a326. | |
| 490 | 1 |
_a Bilim dizisi ; _v8. |
|
| 500 | _aKaynakça var. | ||
| 650 | 0 |
_aInformation technology--Economic aspects. _92261 |
|
| 650 | 0 |
_aInformation society--Social aspects. _911063 |
|
| 650 | 0 |
_aEconomic development. _96960 |
|
| 830 | 1 |
_aTürkiye İş Bankası Kültür yayınları ; _vgenel yayın no. _923123 |
|
| 830 | 1 |
_a326. _911065 |
|
| 830 | 1 |
_a Bilim dizisi ; _v8. _931429 |
|
| 942 |
_2lcc _cBK |
||
| 999 |
_c13304 _d13304 |
||